000
00214nam a2200097Ia 4500
008
220204s9999 xx 000 0 und d
082
_a
82-3
_b
BLA
100
_a
Black, Jonathan
245
0
_a
World rapers
942
_c
BK
999
_c
29996
_d
29996